Role of violence in student politics at Allahabad Univeristy (Record no. 508034)

000 -LEADER
fixed length control field 00447nam a2200157 4500
008 - FIXED-LENGTH DATA ELEMENTS--GENERAL INFORMATION
fixed length control field 190306b ||||| |||| 00| 0 eng d
100 ## - MAIN ENTRY--PERSONAL NAME
Personal name Singh, Vineet
245 ## - TITLE STATEMENT
Title Role of violence in student politics at Allahabad Univeristy
260 ## - PUBLICATION, DISTRIBUTION, ETC. (IMPRINT)
Date of publication, distribution, etc 2018
300 ## - PHYSICAL DESCRIPTION
Extent p.331-344.
650 ## - SUBJECT ADDED ENTRY--TOPICAL TERM
Topical term or geographic name as entry element Students - India - Allahabad
9 (RLIN) 3023
650 ## - SUBJECT ADDED ENTRY--TOPICAL TERM
Topical term or geographic name as entry element Political participation
9 (RLIN) 3024
773 ## - HOST ITEM ENTRY
Main entry heading Social Action
906 ## - LOCAL DATA ELEMENT F, LDF (RLIN)
Subject DIP Violence
942 ## - ADDED ENTRY ELEMENTS (KOHA)
Source of classification or shelving scheme
Item type Articles
Holdings
Withdrawn status Lost status Source of classification or shelving scheme Damaged status Not for loan Permanent location Current location Date acquired Serial Enumeration / chronology Barcode Date last seen Koha item type
          Indian Institute of Public Administration Indian Institute of Public Administration 2019-03-06 68(3), Jul-Sep, 2018: p.331-344. AR119152 2019-03-06 Articles

Powered by Koha